000 01364pam a2200337 i 4500
999 _c66461
_d66461
001 768714001
003 CO-MdFUSB
005 20200706184713.0
007 ta
008 890518t19891989miu 000 0 eng
010 _a 89012085
020 _a0802804713
040 _aDLC
_cCO-MdFUSB
_dDLC
_dCO-MdFUSB
_bspa
_erda
041 _aeng
082 0 0 _a227.8707
_223
_bG652
100 1 _aGooding, D. W.
_eautor
245 1 3 _aAn unshakeable kingdom :
_bthe letter to the Hebrews for today
_c/ David Gooding.
264 1 _a Leicester, England :
_bInterVarsity Press,
_c[1989]
264 4 _c© 1989
300 _a255 páginas ;
_c22 cm.
336 _2rdacontent
_atexto
_btxt
337 _2rdamedia
_asin mediación
_bn
338 _2rdacarrier
_avolumen
_bnc
505 _aLos hebreos. -- La deidad de Cristo afirmó. -- La deidad de Cristo lo demostró. -- La humanidad y el sufrimiento de cristo. -- Entrando en el descanso de Dios. -- Nuestro sumo sacerdote y el costo de la obediencia. -- A la perfección. -- El sacerdocio superior. -- El pacto superior. -- El santuario superior. -- El sacrificio superior. -- Doctrinas de fe y peregrinación. -- Pruebas de fe y guerra. -- La larga carrera
563 _aRústico
630 0 7 _aBiblia.
_pHebreos
942 _cBK
945 _aJTF-925